| 000 | 00586nam a2200217 i 4500 | ||
|---|---|---|---|
| 001 | 133976 | ||
| 003 | ES-MaACL | ||
| 005 | 20230906194554.0 | ||
| 007 | t| | ||
| 008 | 070904s1946 sp ||||1| spa d | ||
| 100 | 1 |
_aWest, Keith. _9116549 |
|
| 245 | 1 | 0 |
_aPeony / _cKeith West ; [traducida del inglés por Rafael Olivar]. |
| 250 | _a1ª ed. | ||
| 260 |
_aBarcelona : _bAgora, _c1946. |
||
| 300 |
_a244 p. ; _c21 cm. |
||
| 490 | 1 | _aGorgona | |
| 700 | 1 |
_aOlivar, Rafael. _986760 |
|
| 830 | 0 |
_aGorgona _9183698 |
|
| 852 |
_aES-MaACL _jB-12808 _bR.28579 |
||
| 999 |
_c133976 _d133976 |
||